000 00375 a2200145 4500
001 168711
020 _a
040 _cMagnum
100 _aAlves, Jose Matias
240 1 0 _aOrganizacao, gestao e projecto educativo das escolas - v.5
_lpor
245 1 0 _aOrganizacao, gestao e projecto educativo das escolas - v.5
362 0 _a1899
697 _aSEM ASSUNTO
942 _cBK
999 _c168711
_d168711